书目信息 |
| 题名: |
成交从被拒绝开始
|
|
| 作者: | 李强 著 | |
| 分册: | ||
| 出版信息: | 北京 北京大学出版社 2009.07 |
|
| 页数: | 177页 | |
| 开本: | 23cm | |
| 丛书名: | ||
| 单 册: | ||
| 中图分类: | F713.3 | |
| 科图分类: | ||
| 主题词: | 销售学--xiao shou xue--通俗读物 | |
| 电子资源: | ||
| ISBN: | 978-7-301-15315-4 | |
| 000 | 00838nam0 2200217 450 | |
| 001 | 01CN04637115@CSLN | |
| 005 | 20100526084159.82 | |
| 010 | @a978-7-301-15315-4@dCNY25.00 | |
| 100 | @a20100515d2009 em y0chiy50 ea | |
| 101 | 0 | @achi |
| 102 | @aCN@b110000 | |
| 105 | @ay z 000yy | |
| 200 | 1 | @a成交从被拒绝开始@Acheng jiao cong bei ju jue kai shi@f李强著 |
| 210 | @a北京@c北京大学出版社@d2009.07 | |
| 215 | @a177页@d23cm | |
| 330 | @a被拒绝,是每个营销员不可避免要遇到的坎。能否正确面对这一问题,是决定你营销生涯的关键。本书从这一现象入手,用一个个生动形象的故事介绍了如何从碰壁中汲取营养:抛开无谓的面子,积极反思不足,从被拒绝中找准客户定位,从被拒绝中调整自己的营销方法。 | |
| 606 | 0 | @a销售学@Axiao shou xue@x通俗读物 |
| 690 | @aF713.3@v4 | |
| 701 | 0 | @a李强@Ali qiang@4著 |
| 801 | 0 | @aCN@c20100515 |
| 905 | @dF713.3@eL232@f3 | |
| 成交从被拒绝开始/李强著.-北京:北京大学出版社,2009.07 |
| 177页;23cm |
| ISBN 978-7-301-15315-4:CNY25.00 |
| 被拒绝,是每个营销员不可避免要遇到的坎。能否正确面对这一问题,是决定你营销生涯的关键。本书从这一现象入手,用一个个生动形象的故事介绍了如何从碰壁中汲取营养:抛开无谓的面子,积极反思不足,从被拒绝中找准客户定位,从被拒绝中调整自己的营销方法。 |
| ● |
| 相关链接 |
|
|
|
正题名:成交从被拒绝开始
索取号:F713.3/L232
 
预约/预借
| 序号 | 登录号 | 条形码 | 馆藏地/架位号 | 状态 | 备注 |